Score 0/30 Timer 04:00
0 Plays Today
Movie Answer % Correct
______ PoppinsMary
96.6%
______ and DumberDumb
96.5%
______ PieAmerican
95.5%
______ Ventura: Pet DetectiveAce
95.5%
______ Framed Roger RabbitWho
95.2%
______ the ParentsMeet
93.9%
______ Jump Street21
93.5%
______ Bueller's Day OffFerris
93.4%
______ Crashers Wedding
92.8%
______ Came PollyAlong
90.2%
______ a Mad, Mad, Mad, Mad WorldIt's
88.6%
______ in the RainSingin'
88.2%
______ & Ted's Excellent AdventureBill
87.2%
______ DynamiteNapoleon
84.4%
______ Is the EndThis
83.8%
Movie Answer % Correct
______ We Do in the ShadowsWhat
82.8%
______ FuzzHot
80.6%
______ Sarah MarshallForgetting
80.1%
______ Pilgrim vs. the WorldScott
79.9%
______ BossesHorrible
78.9%
______ FrankensteinYoung
77.2%
______ Arizona Raising
76.7%
______ Prefer BlondesGentlemen
75.8%
______ Hall Annie
75.7%
______ Places Trading
73.9%
______ Up BabyBringing
63.4%
______ World Wayne's
57.5%
______ SpaceOffice
48.4%
______ DayGroundhog
40.2%
______ BoyTommy
24.6%
Remove Ads.
Support Sporcle.
Get the best of Sporcle when you Go Orange. This ad-free experience offers more features, more stats, and more fun while also helping to support Sporcle. Thank you for becoming a member.

You're not logged in!

Compare scores with friends on all Sporcle quizzes.
OR
Log In

Show Comments

Extras

Top Quizzes Today


Score Distribution

Your Account Isn't Verified!

In order to create a playlist on Sporcle, you need to verify the email address you used during registration. Go to your Sporcle Settings to finish the process.

Report this User

Report this user for behavior that violates our Community Guidelines.

Details: